Conservas vegetales : (Registro nro. 63058)

Detalles MARC
000 -LEADER
campo de control de longitud fija 01797cam a22003134i 4500
003 - IDENTIFICADOR DE NÚMERO DE CONTROL
campo de control PE-LiUPU
005 - FECHA Y HORA DE LA ÚLTIMA TRANSACCIÓN
campo de control 20251126155418.0
008 - DATOS DE LONGITUD FIJA--INFORMACIÓN GENERAL
campo de control de longitud fija 2021xxxxes pe a rb 000 0 spa d
020 ## - NÚMERO INTERNACIONAL ESTÁNDAR DEL LIBRO
Número Internacional Estándar del Libro 9788412374858
035 ## - NÚMERO DE CONTROL DEL SISTEMA
Número de control de sistema PE-LiUPU000015
040 ## - FUENTE DE CATALOGACIÓN
Centro catalogador/agencia de origen PE-LiUPU
Lengua de catalogación spa
Centro/agencia transcriptor PE-LiUPU
Normas de descripción rda
082 04 - NÚMERO DE LA CLASIFICACIÓN DECIMAL DEWEY
Número de clasificación 664.8046
Cutter M183c
Número de edición 23
100 ## - ENTRADA PRINCIPAL--NOMBRE DE PERSONA
Nombre de persona Madrid Vicente, Antonio,
Término indicativo de función/relación autor.
9 (RLIN) 6898
245 10 - MENCIÓN DEL TÍTULO
Título Conservas vegetales :
Resto del título curso de formación /
Mención de responsabilidad, etc. por Antonio Madrid.
264 #1 - PRODUCCIÓN, PUBLICACIÓN, DISTRIBUCIÓN, FABRICACIÓN Y COPYRIGHT
Producción, publicación, distribución, fabricación y copyright Madrid :
Nombre del de productor, editor, distribuidor, fabricante AMV Ediciones,
Fecha de producción, publicación, distribución, fabricación o copyright 2021.
300 ## - DESCRIPCIÓN FÍSICA
Extensión 234 páginas :
Otras características físicas ilustraciones ;
Dimensiones 24 cm
336 ## - TIPO DE CONTENIDO
Término de tipo de contenido texto
Fuente rdacontent
337 ## - TIPO DE MEDIO
Nombre/término del tipo de medio unmediated
Fuente rdamedia
338 ## - TIPO DE SOPORTE
Nombre/término del tipo de soporte volumen
Fuente rdacarrier
504 ## - NOTA DE BIBLIOGRAFÍA, ETC.
Nota de bibliografía, etc. Incluye anexos normativos y secciones técnicas.
505 0# - NOTA DE CONTENIDO CON FORMATO
Nota de contenido con formato Conservas vegetales -- Procesos de elaboración de Conservas vegetales -- Mermeladas y jaleas -- Tomate en conserva y salsa ketchup -- Norma de calidad para las confituras, jaleas, "marmalades" y mermeladas de fruta y crema de castañas -- Norma técnica general de Conservas vegetales -- Normas de calidad de conservas vegetales -- Anexos.
520 ## - RESUMEN, ETC.
Sumario, etc. Manual técnico-práctico sobre conservación de vegetales, frutas y hortalizas mediante tratamientos térmicos. Incluye procesos de producción, normas de calidad, reglamentos técnicos y casos como salsas, mermeladas, encurtidos y compotas. Dirigido a estudiantes, técnicos e industrias alimentarias.
650 14 - PUNTO DE ACCESO ADICIONAL DE MATERIA--TÉRMINO DE MATERIA
Término de materia o nombre geográfico como elemento de entrada Conservas vegetales
Subdivisión general Procesamiento.
9 (RLIN) 6903
650 24 - PUNTO DE ACCESO ADICIONAL DE MATERIA--TÉRMINO DE MATERIA
Término de materia o nombre geográfico como elemento de entrada Industrias alimentarias
Subdivisión general Tecnología.
9 (RLIN) 6904
650 #0 - PUNTO DE ACCESO ADICIONAL DE MATERIA--TÉRMINO DE MATERIA
Término de materia o nombre geográfico como elemento de entrada Frutas
Subdivisión general Conservación y procesamiento.
9 (RLIN) 6905
856 40 - LOCALIZACIÓN Y ACCESO ELECTRÓNICOS
Identificador Uniforme de Recursos <a href="https://www.amvediciones.com/producto/conservas-vegetales">https://www.amvediciones.com/producto/conservas-vegetales</a>
Nota pública Ficha editorial en línea.
942 ## - ELEMENTOS DE ENTRADA SECUNDARIOS (KOHA)
Fuente del sistema de clasificación o colocación Clasificación Decimal Dewey
Tipo de ítem Koha Libros físicos
980 ## - EQUIVALENCIA O REFERENCIA-CRUZADA-MENCIÓN DE SERIE--NOMBRE DE PERSONA/TÍTULO [LOCAL, CANADÁ]
ID del usuario creador del registro 21515
Nombre del creador del registro ROMINA COBOS Adquisiciones
ID del último usuario que modificó el registro 18226
Nombre del último usuario que modificó el registro Jaime Vilcazán Jefe de Análisis Documental
Existencias
Visto por última vez Total de préstamos Signatura topográfica completa Código de barras Copia número Coste, precio de reemplazo Fecha de reemplazo Facultad Tipo de ítem Koha Estado de pérdida Fuente del sistema de clasificación o colocación Restricciones de uso No para préstamo Colección Programa académico Biblioteca de origen Biblioteca actual Ubicación en estantería Fecha de adquisición Fuente de adquisición Coste, precio normal de compra
2025-12-03   664.8046 M183c 82746 e1 45.00 2025-09-22 FIA Libros físicos No Perdido Clasificación Decimal Dewey No restringido Disponible para préstamos Colección General Ingeniería de industrias alimentarias Biblioteca CRAI UPeU Lima Biblioteca CRAI UPeU Lima Sala principal 2025-09-19 COMPRA 40.00